000 00213nam a2200097Ia 4500
008 190216s9999||||xx |||||||||||||| ||und||
100 _aYashpal
245 0 _aHindi-Divya
260 _bViplavakarialayam
942 _cBK
999 _c15222
_d15222